000 01095nam a2200325 a 4500
001 52945
003 BD-RjUL
005 20211209075902.0
008 161001s2003 enka b 001 0 eng
020 _a0761949445 (pbk.)
020 _a0761949437 (hard)
035 _a(BD-RjUL)53065
040 _aDLC
_cDLC
_dDLC
_dBD-RjUL
_beng
041 _aeng
082 0 0 _a658.301
_223
_bGRS 2003
100 1 _aGrieves, Jim.
_9158279
245 1 0 _aStrategic human resource development /
_cJim Grieves.
260 _aLondon ;
_bSage Publications,
_c2003.
300 _avi, 210 p. :
_bill. ;
_c25 cm.
500 _aInclude index
650 0 _aManpower planning.
_9158280
650 0 _aOrganizational change.
_9143678
650 0 _aEmployees
_xTraining of.
_9158281
650 0 _aPersonnel management.
_9158282
650 0 _aStrategic planning
_9158283
856 4 1 _3Table of contents only
_uhttp://www.loc.gov/catdir/toc/fy036/2002109618.html
856 4 2 _3Publisher description
_uhttp://www.loc.gov/catdir/enhancements/fy0657/2002109618-d.html
942 _2ddc
_cBK
999 _c52945
_d52945